000 00388 a2200157 4500
001 151067
040 _cEscola São Tomás de Aquino
100 _aSCLIAR, Moacyr
240 1 0 _aCâmara na mão, o guarani no coração
_lpor
245 1 0 _aCâmara na mão, o guarani no coração
300 _a120
362 0 _a2007
440 1 _aÁtica
697 _a*LITERATURA JUVENIL
942 _cBK
999 _c151067
_d151067